00371nam a2200121Ia 4500008004100000020001800041050001600059100003300075245007100108260002300179300001100202650003600213120626s9999 xx 000 0 und d a968-24-7451-5 aKGF1789 T33 aTABARES SCOTT, Jorge Alberto aGuía práctica de derecho laboral / Jorge alberto Tabares Scott aMéxico : Trillas a133 p. a1. DERECHO LABORAL -- MEXICOÌ